Del uso de las partes

Tallennettuna:
Bibliografiset tiedot
Päätekijä: Galeno (Tekijä)
Aineistotyyppi: Kirja
Kieli:espanja
Julkaistu: Madrid Gredos 2010
Sarja:Biblioteca Clásica Gredos, 389
Aiheet:
Tagit: Lisää tagi
Ei tageja, Lisää ensimmäinen tagi!

MARC

LEADER 00000cam a2200000 a 4500
001 UCG8906
003 CL-VaPUC
008 120106e20100000SP |||||||||||||||||spa|d
020 |a 9788424917326 
082 0 4 |a 610  |b GAL  |2 21 
100 |a Galeno  |e author  |9 508255 
245 1 0 |a Del uso de las partes 
300 |a 782 p 
942 |c BK 
945 |d 20120106 00:00:00  |a dcastane 
260 |a Madrid  |b Gredos  |c 2010 
600 0 7 |a GALENO, CLAUDIO  |2 CL-VaPUC  |9 560178 
650 0 |a Medicina   |9 258507 
650 7 |a MEDICINA ROMANA  |2 CL-VaPUC  |9 415344 
650 7 |a MEDICINA ANTIGUA  |2 CL-VaPUC  |9 335173 
583 |a last modification  |c 20120106 11:45:00  |k Rodrigo Vera 
490 0 |a Biblioteca Clásica Gredos, 389 
999 |c 346493  |d 346491 
952 |0 0  |1 0  |4 0  |6 610_000000000000000_GAL_2010  |7 0  |8 X  |9 447189  |a BIBHIS  |b BIBHIS  |d 2019-11-22  |i 4819497  |o 610 GAL 2010  |p 4819497  |r 2024-01-30  |w 2019-11-22  |y BK_X  |k HIS